Martini's Atlas of The Human Body. (Record no. 4112)

MARC details
000 -LEADER
fixed length control field 00477nam a22001817a 4500
003 - CONTROL NUMBER IDENTIFIER
control field OSt
005 - DATE AND TIME OF LATEST TRANSACTION
control field 20160520142101.0
008 - FIXED-LENGTH DATA ELEMENTS--GENERAL INFORMATION
fixed length control field 160520b xxu||||| |||| 00| 0 eng d
020 ## - INTERNATIONAL STANDARD BOOK NUMBER
International Standard Book Number 0131461230
040 ## - CATALOGING SOURCE
Transcribing agency DLMN.
082 ## - DEWEY DECIMAL CLASSIFICATION NUMBER
Classification number QS17M363a 2004.
100 ## - MAIN ENTRY--PERSONAL NAME
Personal name Martini,Frederic;
9 (RLIN) 8877
245 ## - TITLE STATEMENT
Title Martini's Atlas of The Human Body.
260 ## - PUBLICATION, DISTRIBUTION, ETC. (IMPRINT)
Place of publication, distribution, etc. New York.
Name of publisher, distributor, etc. Benjamin Cummings.
Date of publication, distribution, etc. 2004.
300 ## - PHYSICAL DESCRIPTION
Extent iv,123p;
Other physical details col,ill;
Dimensions 27cm.
650 ## - SUBJECT ADDED ENTRY--TOPICAL TERM
Topical term or geographic name as entry element Embryology.
9 (RLIN) 61
942 ## - ADDED ENTRY ELEMENTS (KOHA)
Source of classification or shelving scheme Other/Generic Classification Scheme
Koha item type Open Shelf
Holdings
Withdrawn status Lost status Source of classification or shelving scheme Damaged status Not for loan Home library Current library Date acquired Source of acquisition Inventory number Total Checkouts Full call number Barcode Date last seen Price effective from Koha item type
    Other/Generic Classification Scheme     MUST Main Library MUST Main Library 20/05/2016   10/32671   QS17M363a 2004. 2016-2050 20/05/2016 20/05/2016 Open Shelf
    Other/Generic Classification Scheme     MUST Main Library MUST Main Library 23/05/2016   10/32670   QS17M363a 2004. 2016-2076 23/05/2016 23/05/2016 Open Shelf
    Other/Generic Classification Scheme     MUST Main Library MUST Main Library 24/05/2016   11/35334   QS17M363a 2004. 2016-2100 24/05/2016 24/05/2016 Open Shelf